Wandel durch Licht und Zeit : Kirchenräume neu entdecken /

Salvato in:
Dettagli Bibliografici
Autore principale: Schwarz, Andrea (Autore)
Altri autori: Austen, Georg (Redattore), Hoffmann, Ansgar (Fotografo)
Natura: Libro
Lingua:tedesco
Pubblicazione: Paderborn : Bonifatius GmbH, 1999
Edizione:1. vydanie
Soggetti:
Tags: Aggiungi Tag
Nessun Tag, puoi essere il primo ad aggiungerne!!

MARC

LEADER 00000nam a22000003a 4500
001 0064895
003 SK-STU
005 20190326134504.9
007 ta
008 180507s ----xo-----e------000-0-----d
020 |a 3-89710-117-3 
040 |a STU  |b slo 
041 0 |a ger 
044 |a gw 
100 1 |a Austen, Georg  |4 edt 
245 1 0 |a Wandel durch Licht und Zeit :  |b Kirchenräume neu entdecken /  |c ed. Georg Austen, Andrea Schwarz ; fotogr. Ansgar Hoffmann 
250 |a 1. vydanie 
260 |a Paderborn :  |b Bonifatius GmbH,  |c 1999 
300 |a 59 s. 
650 0 7 |a kostol 
650 0 7 |a sakrálna architektúra 
650 0 7 |a svetlo a jeho význam v architektúre 
650 0 7 |a symbol 
650 0 7 |a oltár 
700 1 |a Schwarz, Andrea  |4 aut 
700 1 |a Hoffmann, Ansgar  |4 pht 
996 |b 284AU07401  |c A* 10651/U  |l AAKNST  |s P  |a 0  |w 0064895_0001